| 000 | 00000nam 2200000zi 4500 |
| 001 | 9.930173 |
| 003 | CaOODSP |
| 005 | 20240215150448 |
| 006 | m o d f |
| 007 | cr cn||||||||| |
| 008 | 231109e201910##oncad ob f000 0 eng d |
| 040 | |aCaOODSP|beng|erda|cCaOODSP |
| 043 | |an-cn--- |
| 086 | 1 |aPS84-228/2019E-PDF |
| 100 | 1 |aCrossing, Lauren, |eauthor. |
| 245 | 10|aEvaluation report : |bCSC's institutional chaplaincy services / |cauthors: Lauren Crossing, Marjorie Cyr, Sidikat Fashola, Ashley McConnell, David Myers. |
| 246 | 10|aCSC's institutional chaplaincy services |
| 246 | 17|aEvaluation of CSC’s institutional chaplaincy services |
| 264 | 1|a[Ottawa] : |bCorrectional Service Canada = Service correctionnel Canada, |cOctober 2019. |
| 300 | |a1 online resource (xix, 138 pages) : |billustrations, graphs |
| 336 | |atext|btxt|2rdacontent |
| 337 | |acomputer|bc|2rdamedia |
| 338 | |aonline resource|bcr|2rdacarrier |
| 500 | |aCover title. |
| 500 | |aIssued also in French under title: Rapport d'évaluation : services d’aumônerie dans les établissements du SCC. |
| 504 | |aIncludes bibliographical references (pages 136-138). |
| 520 | |a"The current evaluation focuses on the relevance and performance of the Correctional Service of Canada’s (CSC) institutional chaplaincy services"--Executive summary, page v. |
| 610 | 20|aCorrectional Service Canada|xEvaluation. |
| 650 | 0|aPrison chaplains|zCanada|xEvaluation. |
| 650 | 0|aPrisoners|xReligious life|zCanada|xEvaluation. |
| 710 | 2 |aCorrectional Service Canada, |eissuing body. |
| 775 | 08|tRapport d'évaluation : |w(CaOODSP)9.933883 |
| 856 | 40|qPDF|s2.84 MB|uhttps://publications.gc.ca/collections/collection_2024/scc-csc/PS84-228-2019-eng.pdf |
| 986 | |a394-2-98 |